Top 10 Länder mit den schönsten Frauen - Europa - Statistiken

Allgemein
  • Dieses Quiz wurde 281 mal gespielt
  • Das Durchschnittsergebnis liegt bei 8 aus 10
Antwortstatistiken
Platz Land % Korrekt
05. Schweden🇸🇪
96%
04. Spanien🇪🇸
96%
🥈 Italien🇮🇹
93%
🥉 Frankreich🇫🇷
91%
🥇 Russland🇷🇺
87%
10. Portugal🇵🇹
86%
08. Griechenland🇬🇷
78%
06. Ukraine🇺🇦
71%
09. Tschechien🇨🇿
56%
07. Bulgarien🇧🇬
45%
Keine übereinstimmenden Quizze gefunden
Verteilung der Resultate
Anzahl Personen mit jedem Resultat
Perzentil nach korrekt beantworteten Fragen
Ihre Resultats-Entwicklung
Sie haben dieses Quiz noch nicht gespielt